<?xml version="1.0" encoding="UTF-8"?>
<record
    xmlns:xsi="http://www.w3.org/2001/XMLSchema-instance"
    xsi:schemaLocation="http://www.loc.gov/MARC21/slim http://www.loc.gov/standards/marcxml/schema/MARC21slim.xsd"
    xmlns="http://www.loc.gov/MARC21/slim">

  <leader>00623nam a22001937a 4500</leader>
  <datafield tag="999" ind1=" " ind2=" ">
    <subfield code="c">170902</subfield>
    <subfield code="d">170902</subfield>
  </datafield>
  <controlfield tag="005">20191230125852.0</controlfield>
  <datafield tag="010" ind1=" " ind2=" ">
    <subfield code="a">A-485662</subfield>
  </datafield>
  <datafield tag="020" ind1=" " ind2=" ">
    <subfield code="c">250.00</subfield>
    <subfield code="a">85360820</subfield>
  </datafield>
  <datafield tag="035" ind1=" " ind2=" ">
    <subfield code="a">A-485662</subfield>
  </datafield>
  <datafield tag="037" ind1=" " ind2=" ">
    <subfield code="b">BPPD</subfield>
  </datafield>
  <datafield tag="082" ind1=" " ind2=" ">
    <subfield code="a">840.8</subfield>
  </datafield>
  <datafield tag="100" ind1=" " ind2=" ">
    <subfield code="a">&#x62C;&#x645;&#x64A;&#x644; &#x62C;&#x627; &#x644;&#x628;&#x6CC;</subfield>
  </datafield>
  <datafield tag="245" ind1=" " ind2=" ">
    <subfield code="a">&#x627; &#x631; &#x633;&#x637;&#x648; &#x633;&#x6D2; &#x627; &#x64A;&#x644;&#x64A;&#x679; &#x62A;&#x6A9; </subfield>
    <subfield code="c">&#x62C;&#x645;&#x64A;&#x644; &#x62C;&#x627; &#x644;&#x628;&#x6CC;</subfield>
  </datafield>
  <datafield tag="246" ind1=" " ind2=" ">
    <subfield code="a">Aristo Se Elliot Tak (Urdu)</subfield>
    <subfield code="b">by Jamil Jalibi</subfield>
  </datafield>
  <datafield tag="260" ind1=" " ind2=" ">
    <subfield code="a">-</subfield>
    <subfield code="c">1992 &#x621; </subfield>
    <subfield code="b">Educational Publishing House </subfield>
  </datafield>
  <datafield tag="270" ind1=" " ind2=" ">
    <subfield code="a">3108,Gali Azizuddin,Kucha Pandit,Lal Kuan</subfield>
    <subfield code="b">Delhi </subfield>
    <subfield code="k">526162</subfield>
    <subfield code="e">110006</subfield>
  </datafield>
  <datafield tag="300" ind1=" " ind2=" ">
    <subfield code="a">686 &#x635;</subfield>
    <subfield code="c">22 cm(hb)</subfield>
  </datafield>
  <datafield tag="942" ind1=" " ind2=" ">
    <subfield code="2">ddc</subfield>
    <subfield code="c">UR</subfield>
    <subfield code="h">840.8</subfield>
    <subfield code="m">&#x62C; &#x645; &#x6CC;  </subfield>
  </datafield>
  <datafield tag="952" ind1=" " ind2=" ">
    <subfield code="0">0</subfield>
    <subfield code="1">0</subfield>
    <subfield code="4">0</subfield>
    <subfield code="7">0</subfield>
    <subfield code="8">NFIC</subfield>
    <subfield code="a">L</subfield>
    <subfield code="b">L</subfield>
    <subfield code="d">2019-12-30</subfield>
    <subfield code="e">BPPD/Ven.</subfield>
    <subfield code="g">250.00</subfield>
    <subfield code="l">0</subfield>
    <subfield code="o">840.8 &#x62C; &#x645; &#x6CC;</subfield>
    <subfield code="p">A-485662</subfield>
    <subfield code="r">2019-12-30 00:00:00</subfield>
    <subfield code="t">1</subfield>
    <subfield code="v">250.00</subfield>
    <subfield code="w">2019-12-30</subfield>
    <subfield code="y">UR</subfield>
  </datafield>
</record>
